Missing Word: Songs for 'Kings' & 'Queens' Quiz Stats

 Plays Quiz Updated Jul 9, 2020

Support Sporcle.
Go Orange.
Score 0/16 Timer 03:00
0 Plays Today
Song Title Missing Word % Correct
_____ QueenDancing
95.7%
_____ Save the QueenGod
94%
King for a _____Day
93.3%
Kings and _____Queens
76.2%
King of the _____Road
57.4%
_____ QueenKiller
53.4%
Queen of _____Hearts
44%
California King _____Bed
38.5%
Song Title Missing Word % Correct
_____ QueenCaribbean
34.3%
_____ White QueenSnow
30.3%
Queen of the _____Night
29.4%
King of _____Pain
28.7%
_____ QueenMississippi
19%
_____ KingSun
15.5%
King of _____Rock
14.9%
King _____Nothing
13.2%

Today's Daily Dose

You're not logged in!

Compare scores with friends on all Sporcle quizzes.
OR
Log In
Forgot?

From the Vault

Sporcle Typing Challenge

by 12bball

When your fingernails start melting it's time to take a break.
Remove Ads.
Support Sporcle.
Get the best of Sporcle when you Go Orange. This ad-free experience offers more features, more stats, and more fun while also helping to support Sporcle. Thank you for becoming a member.

Show Comments

Extras

Top Quizzes Today


Score Distribution

Your Account Isn't Verified!

In order to create a playlist on Sporcle, you need to verify the email address you used during registration. Go to your Sporcle Settings to finish the process.

Report this User

Report this user for behavior that violates our Community Guidelines.

Details: